00701 2200229 4500001002100000005001700021008004100038020002200079035002500101040001200126082001800138084001800156090001800174245010700192260004000299300003600339500002500375650002700400700001500427850001200442990001700454INLIS00000000000045320150212095347.0  a978-0-470-49042-6 a0010-101400000000348 aYOPDYOG aQ 615.954 Che aQ 615.954 Che aQ 615.954 Che aCHEMICAL analysis of antibiotic residues in foodc/ edited by Jian Wang, James D. MacNeil, Jack F. Kay aNew YorkbJohn Wiley dan Sonsc2012 axxi, 353 hlm.b: ilus. ;c28 cm aTermasuk bibliografi aBakteri, anti-analisis aWang, Jian aYOPDYOG a9142-PD/B.14